01002nab a22002177a 4500999001500000003000400015005001700019008004100036040000700077100003700084245017400121260007300295300001500368500002800383505008200411650002300493650004200516650005800558773015500616942001300771 c5602d5602OSt20251222094440.0190429b xxu||||| |||| 00| 0 spa d cPJ 96574aFrezza, Ángeles Belén 10aRégimen penal juvenil. Una propuesta violenta y punitivista frente al diseño e implementación de políticas de niñez y adolescencia /cÁngeles Belén Frezza. cCiudad Autónoma de Buenos Aires :aThomson Reuters La Ley, b2025. ap. 187-190 aCita: AR/DOC/1345/2025. tSi te interesa el texto completo, solicitalo a koha@justierradelfuego.gov.ar  09343aDERECHO PENAL 092730aRÉGIMEN PENAL DE LA MINORIDAD 092741aDERECHOS DE LAS NIÑAS, NIÑOS Y ADOLESCENTES0 0265893164tRevista de derecho penal y criminología. Nº 6 - Julio 2025dCiudad Autónoma de Buenos Aires : Thomson Reuters La Ley, 2017-x00347914 2udccANA